LIBRARY & INFORMATION CENTRE, KCAET, TAVANUR

ONLINE PUBLIC ACCESS CATALOGUE (OPAC)

Kesaveeyam / (Record no. 863)

MARC details
000 -LEADER
fixed length control field 00406cam a2200169ua 4500
041 ## - LANGUAGE CODE
Language code of text/sound track or separate title mal
082 ## - DEWEY DECIMAL CLASSIFICATION NUMBER
Classification number 894.8121
Item number KES/KE
100 ## - MAIN ENTRY--AUTHOR NAME
Personal name Kesava Pillai, K C.
245 ## - TITLE STATEMENT
Title Kesaveeyam /
260 ## - PUBLICATION, DISTRIBUTION, ETC. (IMPRINT)
Place of publication :
Name of publisher S.T.Redyar and sons,V.V.Press ,
Year of publication 1961.
300 ## - PHYSICAL DESCRIPTION
Number of Pages 52 ; .
942 ## - ADDED ENTRY ELEMENTS (KOHA)
Koha item type Books
Holdings
Withdrawn status Lost status Damaged status Home library Current library Date acquired Full call number Accession Number Koha item type
Withdrawn     KAUAET Malayalam University 07/04/2012 894.8121 182 Books
free website counter